000 00560cam a22001691 4500
082 _a621.56
_bMEC
_cL-85, P-13
245 1 0 _aMechanical refrigeration;
_ba treatise for technical students and engineers,
250 _a1st ed.
260 _c1952.
300 _a51p.
_billus., fold. plates, diagrs. (part fold.) table.
_c24 cm.
500 _aPublished 1913.
526 _a0
_b0
_c0
_d621_560000000000000_MEC
526 _a0
_b0
_c0
_d621_560000000000000_MEC
650 0 _aMCE
_9379
650 0 _aRefrigeration and refrigerating machinery.
_919031
942 _2ddc
_cBK
999 _c545906
_d545906